|
|
|
|
| LEADER |
00000nam0a2200000 4500 |
| 001 |
312037 |
| 005 |
20231102002439.0 |
| 020 |
|
|
|a RU
|b 82-46949
|
| 035 |
|
|
|a (RuTPU)RU\TPU\book\337404
|
| 090 |
|
|
|a 312037
|
| 100 |
|
|
|a 20151216d1982 km y0rusy5003 ca
|
| 101 |
0 |
|
|a rus
|
| 102 |
|
|
|a RU
|
| 105 |
|
|
|a a g 001zy
|
| 200 |
1 |
|
|a Рентгенометрические параметры твердых растворов
|e справочник
|f А. В. Чичагов, Л. В. Сипавина
|g Академия наук СССР (АН СССР), Институт экспериментальной минералогии (ИЭМ)
|
| 210 |
|
|
|a Москва
|c Наука
|d 1982
|
| 215 |
|
|
|a 172 с.
|c ил.
|
| 320 |
|
|
|a Библиография в конце статей
|
| 606 |
1 |
|
|a Твердые растворы
|2 stltpush
|3 (RuTPU)RU\TPU\subj\70688
|9 84893
|
| 606 |
1 |
|
|a Минералы
|x Рентгеноспектральный анализ
|2 stltpush
|3 (RuTPU)RU\TPU\subj\43974
|9 63379
|
| 610 |
1 |
|
|a рентгенометрический анализ
|
| 610 |
1 |
|
|a рентгенометрические параметры
|
| 610 |
1 |
|
|a группы
|
| 610 |
1 |
|
|a оливины
|
| 610 |
1 |
|
|a гранаты
|
| 610 |
1 |
|
|a пироксены
|
| 610 |
1 |
|
|a волластониты
|
| 610 |
1 |
|
|a слюды
|
| 610 |
1 |
|
|a полевые шпаты
|
| 610 |
1 |
|
|a лейциты
|
| 610 |
1 |
|
|a скаполиты
|
| 610 |
1 |
|
|a шпинели
|
| 610 |
1 |
|
|a пирротины
|
| 610 |
1 |
|
|a линнеиты
|
| 610 |
1 |
|
|a галениты
|
| 610 |
1 |
|
|a амблигониты
|
| 610 |
1 |
|
|a справочники
|
| 675 |
|
|
|a 544.355(035)
|v 3
|
| 675 |
|
|
|a 549.08:54(035)
|v 3
|
| 700 |
|
1 |
|a Чичагов
|b А. В.
|g Анатолий Владимирович
|
| 701 |
|
1 |
|a Сипавина
|b Л. В.
|g Людмила Валентиновна
|
| 712 |
0 |
2 |
|a Академия наук СССР (АН СССР)
|b Институт экспериментальной минералогии (ИЭМ)
|c (Черноголовка)
|2 stltpush
|3 (RuTPU)RU\TPU\col\12441
|
| 801 |
|
0 |
|a RU
|b RuMRKP
|c 19950704
|g psbo
|
| 801 |
|
1 |
|a RU
|b 63413507
|c 20151216
|
| 801 |
|
2 |
|a RU
|b 63413507
|c 20220801
|g RCR
|
| 942 |
|
|
|c BK
|